| 000 | 01202nac a22003131i 4500 | ||
|---|---|---|---|
| 003 | EG-ScBUE | ||
| 005 | 20250527092937.0 | ||
| 008 | 250413t1993 e a f b 001 0 eng d | ||
| 020 | _a0521392934 (hardback) | ||
| 020 | _a9780521392938 | ||
| 040 |
_aEG-ScBUE _beng _erda _cEG-ScBUE _dEG-ScBUE |
||
| 082 | 0 | 4 |
_a530.411 _bDOV _222 |
| 100 | 1 |
_aDove, Martin T., _eauthor. |
|
| 245 | 1 | 0 |
_aIntroduction to lattice dynamics / _cMartin T. Dove, Department of Earth Sciences, University of Cambridge. |
| 250 | _aFirst edition. | ||
| 264 | 1 |
_aCambridge : _bCambridge University Press, _c1993. |
|
| 300 |
_axvii, 258 pages : _billustrations ; _c24 cm. |
||
| 336 |
_2rdacontent _atext _btxt |
||
| 337 |
_aunmediated _2rdamedia _bn |
||
| 338 |
_avolume _bnc _2rdacarrier |
||
| 490 | 0 |
_aCambridge topics in mineral physics and chemistry ; _v4 |
|
| 500 | _aIncludes Appendices. | ||
| 504 | _aIncludes bibliographical references and index. | ||
| 650 | 7 |
_aLattice dynamics. _2BUEsh |
|
| 655 | _vReading book | ||
| 856 | 4 | 2 |
_3Publisher description _uhttp://www.loc.gov/catdir/description/cam026/94118927.html |
| 856 | 4 | 2 |
_3Table of contents _uhttp://www.loc.gov/catdir/toc/cam022/94118927.html |
| 942 |
_cBB _2ddc |
||
| 999 |
_c6062 _d6062 |
||